| 000 | 00510nam a22001697a 4500 | ||
|---|---|---|---|
| 005 | 20251014154337.0 | ||
| 008 | 251014b |||||||| |||| 00| 0 eng d | ||
| 040 | _aMAIN | ||
| 082 |
_a320.954 _bN229R |
||
| 100 | _aNaveen | ||
| 245 | _aRole of E-governance in good governance: A study of Rohtak district in the state of Haryana | ||
| 260 |
_bDepartment of Political Science, M D University, Rohtak _c2025 |
||
| 300 | _avi, 175 | ||
| 650 | _aPolitical Science | ||
| 700 | _aSharma, Rajendra | ||
| 942 | _cTH | ||
| 999 |
_c393584 _d393584 |
||